Fundamentos de la Escuela de Arquitectura Universidad Católica de Valparaíso 1971

Guardat en:
Dades bibliogràfiques
Autor corporatiu: Escuela de Arquitectura. Universidad Católica de Valparaíso (Autor)
Format: Llibre
Idioma:espanyol
Publicat: Santiago Consejo de Rectores de las Universidades Chilenas 1971
Matèries:
Etiquetes: Afegir etiqueta
Sense etiquetes, Sigues el primer a etiquetar aquest registre!

MARC

LEADER 00000nam a2200000 a 4500
001 UCV9441
003 CL-VaPUC
005 20230110074252.0
008 920929e19710000cl 1 spa d
082 0 4 |a 711.409  |b ESC  |2 21 
110 2 |a Escuela de Arquitectura. Universidad Católica de Valparaíso  |e author  |9 616637 
245 1 0 |a Fundamentos de la Escuela de Arquitectura Universidad Católica de Valparaíso 1971 
260 |a Santiago  |b Consejo de Rectores de las Universidades Chilenas  |c 1971 
300 |a pág. irreg 
500 |a Contiene: Para una situación de América Latina en el Pacífico 1970 
500 |a Proyecto para una capilla en el fundo Los Pajaritos 1952-53 
500 |a Manifiesto del 15 de junio 1967 
500 |a Voto propuesto al senado académico 1969 
583 |a last modification  |c 20190820 06:16:33  |k Rodrigo Vera 
650 0 0 |a Urbanismo  |9 255208 
650 0 7 |a DESARROLLO URBANO  |2 CL-VaPUC  |9 616638 
650 0 7 |a MAR TERRITORIAL  |2 CL-VaPUC  |9 616639 
650 0 0 |a Arquitectura religiosa  |9 266677 
650 0 7 |a REFORMA UNIVERSITARIA 1967  |2 CL-VaPUC  |9 267930 
651 7 |a CHILE  |2 CL-VaPUC  |9 616640 
651 7 |a OCEANO PACIFICO  |2 CL-VaPUC  |9 262019 
651 0 |a Región 05  |9 267528 
651 0 |a Valparaíso, Chile  |9 261144 
942 |c BK 
945 |d 19920929 00:00:00 
546 |a En Español 
536 |a Centro de Estudios del Pacífico 
518 |p Conferencia del Pacífico, 1, Viña del Mar, 27 de septiembre al 03 de octubre de 1970 
999 |c 382044  |d 382042 
952 |0 0  |1 0  |4 0  |6 711_409000000000000_ESC_1971  |7 0  |8 A  |9 503515  |a BIBARQ  |b BIBARQ  |d 2020-01-23  |i 2659468  |l 1  |o 711.409 ESC 1971  |p 2659468  |r 2025-01-20  |s 2023-08-29  |w 2020-01-23  |y BK  |k ARQ 
952 |0 0  |1 0  |4 0  |6 711_409000000000000_ESC_1971  |7 0  |8 A  |9 503516  |a BIBARQ  |b BIBARQ  |d 2020-01-23  |i 2659476  |l 2  |o 711.409 ESC 1971  |p 2659476  |r 2025-01-20  |s 2024-03-19  |w 2020-01-23  |y BK  |k ARQ 
952 |0 0  |1 0  |4 0  |6 711_409000000000000_ESC_1971  |7 0  |8 A  |9 503517  |a BIBARQ  |b BIBARQ  |d 2020-01-23  |i 2659492  |l 5  |m 1  |o 711.409 ESC 1971  |p 2659492  |r 2025-05-05  |s 2025-05-05  |w 2020-01-23  |y BK  |k ARQ 
952 |0 0  |1 0  |4 0  |6 711_409000000000000_ESC_1971  |7 0  |8 A  |9 503518  |a BIBARQ  |b BIBARQ  |d 2020-01-23  |i 3841820  |l 4  |m 1  |o 711.409 ESC 1971  |p 3841820  |r 2025-01-20  |s 2024-05-20  |w 2020-01-23  |y BK  |k ARQ 
952 |0 0  |1 0  |4 0  |6 711_409000000000000_ESC_1971  |7 0  |8 A  |9 503519  |a BIBARQ  |b BIBARQ  |d 2020-01-23  |i 3841839  |l 2  |o 711.409 ESC 1971  |p 3841839  |r 2025-01-20  |s 2024-06-04  |w 2020-01-23  |y BK  |k ARQ 
952 |0 0  |1 0  |4 0  |6 711_409000000000000_ESC_1971  |7 0  |8 A  |9 503520  |a BIBARQ  |b BIBARQ  |d 2020-01-23  |i 3841847  |l 11  |m 3  |o 711.409 ESC 1971  |p 3841847  |r 2025-01-20  |s 2023-12-21  |w 2020-01-23  |y BK  |k ARQ 
952 |0 0  |1 0  |4 0  |6 711_409000000000000_ESC_1971  |7 0  |8 A  |9 503521  |a BIBARQ  |b BIBARQ  |d 2020-01-23  |i 3841855  |l 1  |o 711.409 ESC 1971  |p 3841855  |r 2025-01-20  |s 2024-03-22  |w 2020-01-23  |y BK  |k ARQ 
952 |0 0  |1 0  |4 0  |6 711_409000000000000_ESC_1971  |7 0  |8 A  |9 503522  |a BIBARQ  |b BIBARQ  |d 2020-01-23  |i 3841863  |l 1  |o 711.409 ESC 1971  |p 3841863  |r 2025-01-20  |s 2024-04-23  |w 2020-01-23  |y BK  |k ARQ 
952 |0 0  |1 0  |4 0  |6 711_409000000000000_ESC_1971  |7 0  |8 A  |9 503523  |a BIBARQ  |b BIBARQ  |d 2020-01-23  |i 3841871  |l 5  |o 711.409 ESC 1971  |p 3841871  |r 2025-01-20  |s 2024-09-12  |w 2020-01-23  |y BK  |k ARQ